| 000 | 01353nam a2200277 i 4500 | ||
|---|---|---|---|
| 003 | DO-SdBNP | ||
| 005 | 20250801114433.0 | ||
| 007 | ta | ||
| 008 | 250710b2025 dr ||||| |||| 00| 0 spa d | ||
| 040 |
_aDO-SdBNP _bspa _cBNPHU _erda |
||
| 041 | _aspa | ||
| 082 | 4 |
_axxx _bV185r _222 |
|
| 100 | 1 |
_aValles, José M. _eautor _988317 _4aut. |
|
| 245 | 1 | 0 |
_aRecopilación de temas políticos-electorales I : _b(cuarto curso). Sociología electoral / _cexpositor, José M. Valles ; coordinador Clodoaldo Mateo Villanueva ; prólogo, Freddy Ángel Castro Díaz. |
| 264 |
_aSanto Domingo, República Dominicana : _bEditora Búho, _c2025. |
||
| 300 |
_a51 páginas : _bilustraciones, retratos ; _c23 cm |
||
| 336 |
_atexto _btxt _2rdacontent |
||
| 337 |
_asin mediación _bn _2rdamedia |
||
| 338 |
_avolumen _bnc _2rdacarrier |
||
| 505 | _aPrólogo 11 -- Informe del cuarto curso 15 -- Resumen curricular 21 -- Programa del seminario 23 -- Las elecciones y el voto 27 -- El dato electoral 33 -- La elección como proceso sociopolítico 35 -- La elección como suma de comportamientos individuales 39 -- Conclusiones provisionales 45 -- Anexos 47 | ||
| 590 | _aInventariado, 2025 /LP | ||
| 700 | 1 |
_aMateo Villanueva, Clodoaldo, _ecoordinador _4coord. _912224 |
|
| 700 | 1 |
_aCastro Díaz, Freddy Ángel, _eprologuista _4pr. _988319 |
|
| 910 | _aLP | ||
| 942 |
_2ddc _cLBS1 |
||
| 999 |
_c59497 _d59497 |
||